000 00830nam a22002657a 4500
999 _c34235
_d34235
001 3587
003 CO-MdFUSB
005 20180622073138.0
008 180322t1981 sp ||||| |||| 00| 0 spa d
020 _a84-7151-284-X
040 _aCO-MdFUSB
_bspa
_cCO-MdFUSB
_dCO-MdFUSBC
_erda
041 0 _aspa
_hlat
082 0 4 _aG 227.6 L497c
100 1 _aLégasse, Simon (1926- )
_eautor
245 1 3 _aLa carta a los Filipenses
_b: La carta a Filemón
_c / Simon Légasse
250 _a2
264 4 _aEstella, Navarra, España :
_bVerbo Divino,
_c©1981
300 _a62 Pag
336 _2rdacontent
_atexto
_btxt
337 _2rdamedia
_asin mediación
_bn
338 _2rdacarrier
_avolumen
_bnc
653 _aInterpretación de la Biblia N.T. - Filipenses
653 _aInterpretación de la Biblia N.T. - Filemón
942 _cBK